[Event "Konakovo Chervonny op"]
[Site "Konakovo"]
[Date "2014.09.21"]
[Round "9"]
[White "Stoletov, Gennadi"]
[Black "Geshko, Aleksey"]
[Result "0-1"]
[WhiteElo "2215"]
[BlackElo "1959"]
[PlyCount "62"]
[EventDate "2014.09.17"]
[EventType "swiss"]
[EventRounds "9"]
[EventCountry "RUS"]
[SourceTitle "CBM 162 Extra"]
[Source "ChessBase"]
[SourceDate "2014.10.17"]
[SourceVersion "1"]
[SourceVersionDate "2014.10.17"]
[SourceQuality "1"]

1. e4 c5 2. c4 e5 3. Nc3 d6 4. g3 Be6 5. Bg2 g6 6. d3 Bg7 7. Nge2 Nc6 8. a3 Nge7 9. Nd5 0-0 10. 0-0 f5 11. Nec3 Bxd5 12. cxd5 Nd4 13. Be3 a6 14. f4 b5 15. Ne2 Qc7 16. Rc1 Rae8 17. fxe5 Nxe2+ 18. Qxe2 Bxe5 19. d4 Bg7 20. dxc5 dxc5 21. Bxc5 Be5 22. Rfd1 Qd7 23. Qd2 fxe4 24. Bxe4 Bd6 25. Bg2 Bxc5+ 26. Rxc5 Qd6 27. b4 Nf5 28. Rf1 Ne3 29. Re1 Nc4 30. Qc1 Qf6 31. Rc6 Qf2+ 0-1

[Event "Konakovo Rating 6"]
[Site "Konakovo"]
[Date "2011.05.10"]
[Round "7"]
[White "Yashkov, Aleksandr"]
[Black "Stoletov, Gennadi"]
[Result "0-1"]
[WhiteElo "2171"]
[BlackElo "2262"]
[PlyCount "95"]
[EventDate "2011.05.03"]
[EventType "tourn"]
[EventRounds "13"]
[EventCountry "RUS"]
[SourceTitle "EXT 2023"]
[Source "ChessBase"]
[SourceDate "2022.10.05"]
[SourceVersion "1"]
[SourceVersionDate "2022.10.05"]
[SourceQuality "1"]

1. d4 Nf6 2. Bg5 Ne4 3. Bf4 d5 4. e3 e6 5. Nd2 Nxd2 6. Qxd2 Bd6 7. Nf3 Nd7 8. Bd3 Nf6 9. Ne5 Bd7 10. 0-0 Qe7 11. c4 dxc4 12. Nxd7 Qxd7 13. Bxd6 cxd6 14. Bxc4 d5 15. Bd3 0-0 16. Qb4 Rfc8 17. Rfc1 g6 18. Bb5 Qd8 19. Bd3 Rc7 20. Rc3 Rac8 21. Rac1 Rxc3 22. Rxc3 Rxc3 23. bxc3 Qc7 24. h3 Kg7 25. g3 b6 26. Kg2 Ne8 27. f3 Nd6 28. Kf2 a5 29. Qb3 b5 30. e4 Qc6 31. e5 Nc4 32. Bxc4 dxc4 33. Qb2 b4 34. Ke3 Qb7 35. Ke2 h6 36. Ke3 h5 37. h4 Qe7 38. Kf2 Qb7 39. Ke2 Qb6 40. Ke3 Qb5 41. Kf2 Qa4 42. Ke3 bxc3 43. Qxc3 Qxa2 44. Kf4 a4 45. Qb4 Qb3 46. Qe7 Qd3 47. Qf6+ Kg8 48. Kg5 0-1

[Event "RUS-ch Seniors"]
[Site "Lesnoj Gorodok"]
[Date "2009.10.10"]
[Round "8"]
[White "Stoletov, Gennadi"]
[Black "Zhukov, Vladimir"]
[Result "1/2-1/2"]
[WhiteElo "2280"]
[BlackElo "2204"]
[PlyCount "31"]
[EventDate "2009.10.03"]
[EventType "swiss"]
[EventRounds "9"]
[EventCountry "RUS"]
[SourceTitle "CBM 132 Extra"]
[Source "ChessBase"]
[SourceDate "2009.11.03"]
[SourceVersion "1"]
[SourceVersionDate "2009.11.03"]
[SourceQuality "1"]

1. e4 c5 2. Nc3 e6 3. Nf3 a6 4. d4 cxd4 5. Nxd4 Qc7 6. Bd3 Nf6 7. 0-0 Nc6 8. Nxc6 dxc6 9. Be3 e5 10. h3 b5 11. Qf3 Be7 12. a3 0-0 13. Ne2 Be6 14. Ng3 c5 15. Rfd1 c4 16. Be2 1/2-1/2

[Event "Moscow op-A"]
[Site "Moscow"]
[Date "2009.02.05"]
[Round "6"]
[White "Guseinov, Elmir"]
[Black "Stoletov, Gennadi"]
[Result "1-0"]
[WhiteElo "2439"]
[BlackElo "2306"]
[PlyCount "59"]
[EventDate "2009.01.31"]
[EventType "swiss"]
[EventRounds "9"]
[EventCountry "RUS"]
[SourceTitle "EXT 2022"]
[Source "ChessBase"]
[SourceDate "2021.10.06"]
[SourceVersion "1"]
[SourceVersionDate "2021.10.06"]
[SourceQuality "1"]

1. d4 Nc6 2. Nf3 d5 3. g3 Nf6 4. Bg2 Bg4 5. Ne5 e6 6. c4 Bb4+ 7. Nc3 0-0 8. Nxg4 Nxg4 9. 0-0 Nf6 10. cxd5 exd5 11. Bg5 Be7 12. Bxf6 Bxf6 13. e3 Ne7 14. Qb3 c6 15. Qxb7 Qd6 16. Na4 h5 17. b3 Rfb8 18. Qa6 h4 19. Rac1 hxg3 20. hxg3 g6 21. Rc5 Kg7 22. Rfc1 Bg5 23. Nc3 Bxe3 24. fxe3 Qxg3 25. Qe2 Rh8 26. Qf3 Qh2+ 27. Kf2 Qd6 28. Ne2 Rae8 29. Qf4 Qd7 30. Ng3 1-0

[Event "Konakovo Chervonny Rating"]
[Site "Konakovo"]
[Date "2008.09.26"]
[Round "8"]
[White "Stoletov, Gennadi"]
[Black "Nikolaev, Dmitriy"]
[Result "0-1"]
[WhiteElo "2297"]
[BlackElo "2196"]
[PlyCount "88"]
[EventDate "2008.09.20"]
[EventType "tourn"]
[EventRounds "10"]
[EventCountry "RUS"]
[SourceTitle "EXT 2022"]
[Source "ChessBase"]
[SourceDate "2021.10.06"]
[SourceVersion "1"]
[SourceVersionDate "2021.10.06"]
[SourceQuality "1"]

1. e4 c6 2. d3 d5 3. Nd2 g6 4. g3 Bg7 5. Bg2 e5 6. Ngf3 Ne7 7. 0-0 0-0 8. Re1 Qc7 9. c3 Nd7 10. Qc2 b6 11. Nf1 Bb7 12. Bg5 f6 13. Bd2 Rad8 14. Rad1 c5 15. Qc1 dxe4 16. dxe4 c4 17. Bh6 Nc5 18. Bxg7 Kxg7 19. Qc2 Rxd1 20. Qxd1 Bxe4 21. N1d2 Rd8 22. Qa1 Bc2 23. Nxc4 Nd3 24. Re2 Qxc4 25. Rxc2 Nc5 26. b3 Qg4 27. h3 Qf5 28. Qb1 Rd3 29. b4 Rxc3 30. Ne1 Rxc2 31. Nxc2 Nd3 32. Qf1 Qd7 33. Be4 Nb2 34. Ne3 Qd4 35. Qb1 Qxb4 36. Kg2 Qd4 37. Bf3 Nd3 38. Be2 Qe4+ 39. Kg1 Nxf2 40. Qb3 Nxh3+ 41. Kh2 Ng5 42. Qa3 Qb7 43. Ba6 Qd7 44. Kg1 Nf5 0-1